Crisis y competencia (Record no. 113692)

MARC details
000 -LEADER
campo de control de longitud fija 00540nam a2200169 4500
001 - NÚMERO DE CONTROL
campo de control 113692
003 - IDENTIFICADOR DE NÚMERO DE CONTROL
campo de control ES-MaACL
005 - FECHA Y HORA DE LA ÚLTIMA TRANSACCIÓN
campo de control 20230906185958.0
007 - CAMPO FIJO DE DESCRIPCIÓN FÍSICA--INFORMACIÓN GENERAL
campo de control de longitud fija t|
008 - DATOS DE LONGITUD FIJA--INFORMACIÓN GENERAL
campo de control de longitud fija 061121q1955 sp r ||||1| spa d
100 1# - ENTRADA PRINCIPAL--NOMBRE DE PERSONA
Nombre de persona Palencia, Luis.
9 (RLIN) 88535
245 10 - MENCIÓN DEL TÍTULO
Título Crisis y competencia
Resto del título : dinero y personalidad : obra estrictamente mercantil /
Mención de responsabilidad, etc. por Luis Palencia.
260 ## - PUBLICACIÓN, DISTRIBUCIÓN, ETC.
Lugar de publicación, distribución, etc. [S. l.] :
Nombre del editor, distribuidor, etc. Edición Mercantil Práctica,
Fecha de publicación, distribución, etc. [1955?]
300 ## - DESCRIPCIÓN FÍSICA
Extensión 317 p. ;
Dimensiones 21 cm.
852 ## - LOCALIZACIÓN
Ubicación ES-MaACL
Número de control de estantería C-10375
Sublocalización o colección R.37993
852 ## - LOCALIZACIÓN
Ubicación ES-MaACL
Número de control de estantería C-14032
Sublocalización o colección R.40530
Holdings
Estatus retirado Estado de pérdida Estado de daño No para préstamo Biblioteca de origen Biblioteca actual Ubicación en estantería Fecha de adquisición Fuente de adquisición Total de préstamos Signatura topográfica completa Código de barras Visto por última vez Precio de reemplazo Tipo de ítem Koha
        Biblioteca del Ateneo de Madrid Biblioteca del Ateneo de Madrid Sala Palomar 17/01/2008     C-14032 1118572 23/02/2023 23/02/2023 Libro impreso
        Biblioteca del Ateneo de Madrid Biblioteca del Ateneo de Madrid Sala Palomar 17/01/2008     C-10375 1118571 23/02/2023 23/02/2023 Libro impreso